Từ cuộc sống
Đã lưu trong:
| Príomhúdar: | |
|---|---|
| Formáid: | Leabhar |
| Teanga: | Vietnamese |
| Foilsithe: |
Hà Nội
Văn học
2011
|
| Ábhair: | |
| Clibeanna: |
Cuir Clib Leis
Gan Chlibeanna, Bí ar an gcéad duine leis an taifead seo a chlibeáil!
|
| Thư viện lưu trữ: | Trung tâm Học liệu Lê Vũ Hùng, Trường Đại học Đồng Tháp |
|---|
| LEADER | 01202pam a22002298a 4500 | ||
|---|---|---|---|
| 001 | 00025551 | ||
| 005 | 20171026081022.0 | ||
| 008 | 110806s2011 ||||||viesd | ||
| 041 | 0 | # | |a vie |
| 082 | 1 | 4 | |a 895.922 34 |b T550C |
| 100 | 1 | # | |a Nguyễn, Đắc Hiền |d 1938 - |
| 245 | 1 | 0 | |a Từ cuộc sống |c Nguyễn Đắc Hiền |
| 260 | # | # | |a Hà Nội |b Văn học |c 2011 |
| 300 | # | # | |a 526 tr. |c 24 cm. |
| 650 | # | 4 | |a Văn học hiện đại |x Truyện ngắn |z Việt Nam |
| 653 | # | # | |a Truyện ngắn |
| 852 | # | # | |b Kho mượn |j KM.0010958, KM.0010304, KM.0010305, KM.0010318, KM.0010956, KM.0010948, KM.0010953, KM.0010957, KM.0010954, KM.0007757, KM.0010951, KM.0006049, KM.0010615, KM.0010628, KM.0010952, KM.0010633, KM.0010302, KM.0009685, KM.0010959 |
| 852 | # | # | |b Kho đọc |j KD.0010457 |
| 852 | # | # | |j KM.0010959 |j KM.0010958 |j KM.0010305 |j KM.0010318 |j KM.0010953 |j KM.0010957 |j KM.0010954 |j KM.0007757 |j KM.0010951 |j KM.0006049 |j KM.0010628 |j KM.0010952 |j KM.0010302 |j KM.0009685 |j KD.0010457 |j KM.0010615 |j KM.0010633 |j KM.0010304 |j KM.0010948 |j KM.0010956 |
| 910 | |d 06/08/2011 | ||
| 980 | # | # | |a Trung tâm Học liệu Lê Vũ Hùng, Trường Đại học Đồng Tháp |